| 000 | 00586nam a2200193Ia 4500 | ||
|---|---|---|---|
| 003 | OSt | ||
| 005 | 20170518092218.0 | ||
| 008 | 151015s9999 xx 000 0 und d | ||
| 020 | _a97800706358e+012 | ||
| 040 | _cMMU | ||
| 050 | _aHD30.2.A65 2009 | ||
| 100 | _aApplegate,Lynda M. | ||
| 245 | _a_Corporate Information Strategy and Management Text and Cases(7th ed) Applegate Lynda M. | ||
| 260 | _aNew Delhi Tata McGraw-Hill 2007 | ||
| 500 | _aIncludes bibliography and index. | ||
| 650 | _a_Business impacts | ||
| 700 | _a^d20110216 11:33:42^oanne | ||
| 942 |
_2lcc _cLOAN LOAN |
||
| 999 |
_c1341 _d1341 |
||